| 000 | 01451nam a2200253Ia 4500 | ||
|---|---|---|---|
| 003 | Ost | ||
| 005 | 20260507075055.0 | ||
| 008 | 260507s9999||||xx |||||||||||||| ||und|| | ||
| 020 | _a2001328977 | ||
| 040 | _cfsecg | ||
| 041 | _aara | ||
| 082 | _a346.048 | ||
| 100 |
_aمحمدين، جلال وفاء _eمؤلف |
||
| 245 | 0 |
_aالحماية القانونية للملكية الصناعية : _bوفقا لاتفاقية الجوانب المتصلة بالتجارة من حقوق الملكية الفكرية(تريبس) / _c جلال وفاء محمدين |
|
| 260 |
_aالاسكندرية: _bدار الجامعة الجديدة, _c2000 |
||
| 300 |
_a142 صفحة؛ _c25 سم |
||
| 490 | _aالمكتبة القانونية | ||
| 504 | _aملحق ص.50 | ||
| 520 | _aأهمية الحماية القانونية للملكية الفكرية،المبادئ الأساسية في اتفاقية تريبس،الحماية القانونية للمبتكرات طبقا لاتفاقية تريبس،الحماية القانونية لبراءات الإختراع،الحماية القانونية للمبتكرات الأخرى،الحماية القانونية للعلامات التجارية،الحماية القانونية للمؤشرات الجغرافية | ||
| 653 | _aالعلامات التجارية | ||
| 653 | _aالملكية الصناعية | ||
| 653 | _aبراءات الاختراع | ||
| 942 | _cكتاب | ||
| 999 |
_c42727 _d42727 |
||